00688nam a2200217 i 450000100060000000300090000600500170001500700030003200800410003510000280007624501490010425000150025326000340026830000220030249000200032470000150034470000220035970000380038183000200041985200310043961796ES-MaACL20230906164538.0t|031113s1972 sp ||||1| spa d1 aFarrington, Benjamín.10aCiencia y Filosofía en la Antigüedad / cBenjamín Farrington ; traducción de P. Marset y E. Ramos ; Revisión de J.M. López Piñero. a[2ª ed.]. aBarcelona : bAriel, c[1972] a225 p. ; c18 cm.1 aAriel quincenal1 aMarset, P.1 aRamos, Emérita.1 aLópez Piñero, José María.0 aAriel quincenal aES-MaACLjA-8971 bR.98277